| 000 | 00649nam a2200229 a 4500 | ||
|---|---|---|---|
| 001 | BRCA_6211 | ||
| 005 | 20190320205354.0 | ||
| 008 | 180711s1911----gw-#######---#000-0#ger-# | ||
| 041 | _ager | ||
| 044 | _agw | ||
| 050 | 4 |
_aD210 _c.M37 1911 |
|
| 100 | 1 |
_aMarcks, Erich _d1861-1938. _915616 |
|
| 245 | 1 | 0 |
_aMänner und Zeiten _bAufsätze und Reden zur neueren Geschichte _cvon Erich Marcks. |
| 260 |
_aLeipzig, Alemania _bQuelle & Meyer _c1911 |
||
| 300 |
_a2 v. _c23 cm. |
||
| 500 | _aIncluye índice alfabético | ||
| 500 | _aK70 | ||
| 650 | 1 | 4 |
_aHistoria moderna _915617 |
| 651 | 4 |
_aAlemania _vHistoria _915618 |
|
| 902 | _aGFM | ||
| 942 |
_2lcc _cB |
||
| 999 |
_c5898 _d5898 |
||